Statistics for Fast Math

Click here to take the quiz!

General Stats

  • This quiz has been taken 31 times
  • The average score is 9 of 10

Answer Stats

HintAnswer% Correct
1x1111
100%
2x2244
100%
3x3399
100%
5x55275
97%
10x1001000
93%
4x44176
93%
6x66396
80%
9x99891
80%
8x88704
73%
7x77539
70%

Score Distribution

Percentile by Number Answered

Percent of People with Each Score

Your Score History

You have not taken this quiz